[Event "Quebec op U2000"]
[Site "Montreal CAN"]
[Date "2016.07.26"]
[Round "5.22"]
[White "Dubreuil, Raymond"]
[Black "Molloy, Francis"]
[Result "0-1"]
[WhiteElo "1637"]
[BlackElo "1527"]
[PlyCount "122"]
[EventDate "2016.07.23"]
[EventType "swiss"]
[EventRounds "8"]
[EventCountry "CAN"]

1. Nf3 d5 2. c4 e6 3. b3 Nf6 4. g3 Be7 5. Bg2 b6 6. O-O Bb7 7. Bb2 O-O 8. Qc2
h6 9. d3 Nbd7 10. Nbd2 c5 11. e3 Qc7 12. d4 dxc4 13. bxc4 Rac8 14. Ba3 Rfe8 15.
Rfc1 cxd4 16. Bxe7 dxe3 17. Bxf6 exd2 18. Qxd2 Nxf6 19. Qb2 Qe7 20. Rc3 Rc5 21.
Rac1 Rec8 22. Qa3 R8c7 23. h4 Ba8 24. Qb4 Qd8 25. Qb2 Qc8 26. Qe2 b5 27. Nd2
Bxg2 28. Kxg2 Nd7 29. Kh2 Nf6 30. Qd3 Nd5 31. Ne4 Nxc3 32. Nxc5 Rxc5 33. Rxc3
Rxc4 34. Rb3 a6 35. Rb2 Rc1 36. Qf3 Qc6 37. Qxc6 Rxc6 38. Kg2 Kf8 39. Kf3 Ke7
40. Ke3 Rc5 41. Kd3 Kd6 42. Rb4 e5 43. f3 h5 44. Rb3 a5 45. a3 f5 46. Ke3 Kc6
47. Kd3 Rc4 48. Kd2 Kc5 49. Re3 Kd5 50. Rb3 b4 51. axb4 axb4 52. Rb2 e4 53.
fxe4+ Kxe4 54. Ke2 g6 55. Kf2 Kd3 56. Rb3+ Kc2 57. Re3 Kb2 58. Re6 Rg4 59. Re2+
Ka3 60. Re6 b3 61. Ra6+ Ra4 0-1

[Event "Quebec op U2000"]
[Site "Montreal CAN"]
[Date "2016.07.27"]
[Round "6.26"]
[White "Ivakhin, Mikhail"]
[Black "Pare, Marc"]
[Result "1-0"]
[WhiteElo "1853"]
[BlackElo "1867"]
[PlyCount "135"]
[EventDate "2016.07.23"]
[EventType "swiss"]
[EventRounds "8"]
[EventCountry "CAN"]

1. e4 d5 2. e5 c5 3. f4 Nc6 4. Nf3 Bg4 5. c3 e6 6. d3 Nge7 7. Be2 Nf5 8. O-O
Be7 9. Na3 h5 10. Nc2 h4 11. Ne3 Nxe3 12. Bxe3 Qc7 13. Rc1 h3 14. g3 Bf5 15.
Ne1 g5 16. d4 gxf4 17. Bxf4 Qb6 18. Nf3 Qxb2 19. a4 Be4 20. Rf2 Qb6 21. Be3 c4
22. Qd2 Bg6 23. Ng5 Qc7 24. Rcf1 Bxg5 25. Bxg5 Ne7 26. Bxe7 Qxe7 27. Bg4 O-O-O
28. Rf6 Rdg8 29. Qb2 Rh7 30. R1f4 Kb8 31. a5 a6 32. Rf2 Bd3 33. Bd1 Bf5 34. Bc2
Bxc2 35. Qxc2 Rg6 36. Qb2 Qc7 37. Qb4 Ka7 38. Rb2 Rg4 39. Rf1 Rh8 40. Qb6+ Qxb6
41. axb6+ Kb8 42. Rxf7 Rg6 43. Rbf2 Rc8 44. Re7 Rgg8 45. Rff7 Rc6 46. Rxb7+ Kc8
47. Rfc7+ Rxc7 48. Rxc7+ Kb8 49. Kf2 Rf8+ 50. Ke2 a5 51. Ra7 Rc8 52. Rxa5 Rc6
53. Rb5 Kb7 54. Kf3 Rc8 55. Rb2 Rf8+ 56. Kg4 Rf1 57. Rc2 Kxb6 58. Kxh3 Kb5 59.
Kg2 Rd1 60. h4 Ka4 61. h5 Kb3 62. Rf2 Kxc3 63. h6 Ra1 64. h7 Ra8 65. g4 Rh8 66.
Rf1 Kd2 67. g5 c3 68. g6 1-0

[Event "Quebec op U2000"]
[Site "Montreal CAN"]
[Date "2016.07.27"]
[Round "6.27"]
[White "De Lagrave, Sylvain"]
[Black "Brassard, Sylvain"]
[Result "0-1"]
[WhiteElo "1895"]
[BlackElo "1842"]
[PlyCount "76"]
[EventDate "2016.07.23"]
[EventType "swiss"]
[EventRounds "8"]
[EventCountry "CAN"]

1. d4 d5 2. Nf3 e6 3. e3 f5 4. Bd3 Nf6 5. O-O Bd6 6. b3 Qe7 7. c4 c6 8. Qc2 O-O
9. cxd5 cxd5 10. Ne5 Bd7 11. Bb2 Nc6 12. Nxc6 Bxc6 13. f4 Rac8 14. Qe2 Be8 15.
Rc1 Rxc1+ 16. Bxc1 Bh5 17. Qe1 Rc8 18. Nc3 a6 19. a4 h6 20. Bd2 g5 21. Ne2 Bxe2
22. Qxe2 g4 23. g3 Rc6 24. Rc1 Qc7 25. Qd1 Rxc1 26. Qxc1 Qxc1+ 27. Bxc1 Bb4 28.
Kf2 h5 29. Ke2 Kg7 30. Bd2 Bxd2 31. Kxd2 h4 32. Ke2 hxg3 33. hxg3 Kf7 34. b4
Ke7 35. Kf2 Kd6 36. Ke2 Kc6 37. Kf2 Ne4+ 38. Kg2 Nc3 0-1

[Event "Quebec op U2000"]
[Site "Montreal CAN"]
[Date "2016.07.27"]
[Round "6.28"]
[White "Filiatrault, Marc"]
[Black "Messier, David"]
[Result "0-1"]
[WhiteElo "1871"]
[BlackElo "1719"]
[PlyCount "106"]
[EventDate "2016.07.23"]
[EventType "swiss"]
[EventRounds "8"]
[EventCountry "CAN"]

1. e4 d5 2. exd5 Nf6 3. d4 Nxd5 4. Nf3 g6 5. c4 Nb6 6. Nc3 Bg7 7. Be2 O-O 8.
O-O Bg4 9. h3 Be6 10. d5 Bc8 11. Qb3 c6 12. Rd1 Qe8 13. Be3 cxd5 14. cxd5 e6
15. Bb5 N6d7 16. dxe6 Qxe6 17. Bc4 Qf5 18. Nd5 Nc6 19. Bb5 Nde5 20. Nd4 Qh5 21.
Bxc6 bxc6 22. Ne7+ Kh8 23. Nexc6 Bxh3 24. Nxe5 Bxe5 25. gxh3 Qxh3 26. f3 Rab8
27. Qc2 Rfc8 28. Qe2 Kg8 29. Rac1 Qg3+ 30. Kf1 Qh4 31. Rxc8+ Rxc8 32. Qf2 Qh1+
33. Ke2 Qh3 34. f4 Bg7 35. Rd2 Rc1 36. Nf3 Qe6 37. a3 Qc4+ 38. Rd3 Bxb2 39. Nd2
Rc2 40. a4 a6 41. Qf3 Qxa4 42. Rd8+ Kg7 43. Kf2 Bf6 44. Rd6 Qb4 45. Qd5 Qb5 46.
Qe4 Bh4+ 47. Kg2 Qe2+ 48. Kh3 Qh5 49. Rd5 Bg5+ 50. Kg3 Qh4+ 51. Kf3 Qh1+ 52.
Kg4 h5+ 53. Kg3 Bh4# 0-1

[Event "Quebec op U2000"]
[Site "Montreal CAN"]
[Date "2016.07.27"]
[Round "6.29"]
[White "Perna-Fraser, David"]
[Black "Langlois-Remillard, Alexis"]
[Result "0-1"]
[WhiteElo "1919"]
[BlackElo "1850"]
[PlyCount "74"]
[EventDate "2016.07.23"]
[EventType "swiss"]
[EventRounds "8"]
[EventCountry "CAN"]

1. e4 e6 2. d4 d5 3. exd5 exd5 4. Nf3 Bd6 5. Bd3 Ne7 6. O-O Bg4 7. Re1 Nbc6 8.
c3 Qd7 9. b4 O-O-O 10. b5 Na5 11. Bg5 f6 12. Bh4 g5 13. Bg3 Bxg3 14. hxg3 h5
15. Qa4 b6 16. Nbd2 Kb8 17. Qb4 Nc8 18. Re3 h4 19. gxh4 Bxf3 20. Rxf3 Rxh4 21.
Nf1 Rdh8 22. Ng3 Qg7 23. Rb1 Nd6 24. Kf1 Nac4 25. Bxc4 Nxc4 26. Nf5 Qh7 27.
Nxh4 Nd2+ 28. Ke2 Nxb1 29. Nf5 g4 30. Rd3 Qxf5 31. Qxb1 Re8+ 32. Kf1 g3 33. Qc2
Qh5 34. fxg3 Qh1+ 35. Kf2 Qe1+ 36. Kf3 Qf1+ 37. Kg4 Rg8+ 0-1

[Event "Quebec op U2000"]
[Site "Montreal CAN"]
[Date "2016.07.27"]
[Round "6.30"]
[White "Marcone, Malcom"]
[Black "Morin, Louis"]
[Result "0-1"]
[WhiteElo "1806"]
[BlackElo "1907"]
[PlyCount "146"]
[EventDate "2016.07.23"]
[EventType "swiss"]
[EventRounds "8"]
[EventCountry "CAN"]

1. d4 d5 2. c4 e6 3. Nf3 Nf6 4. g3 Be7 5. Bg2 O-O 6. O-O b6 7. Qc2 Bb7 8. Rd1
Nbd7 9. cxd5 Nxd5 10. a3 N5f6 11. Nc3 c5 12. dxc5 Bxc5 13. Bf4 Rc8 14. b4 Bxf2+
15. Kxf2 Ne4+ 16. Qxe4 Bxe4 17. Nxe4 Rc2 18. Nd4 Rc4 19. Nd6 Rxd4 20. Rxd4 e5
21. Nb7 Qe7 22. Rxd7 Qxd7 23. Bxe5 Qf5+ 24. Bf4 g5 25. e4 Qf6 26. e5 Qf5 27.
Nd6 Qc2+ 28. Kg1 gxf4 29. gxf4 Kh8 30. Rf1 Qd2 31. Ne4 Qe3+ 32. Kh1 Rc8 33. Nd6
Rc1 34. Nxf7+ Kg7 35. Ng5 h6 36. Ne6+ Kf7 37. Nd8+ Ke7 38. Nc6+ Kf8 39. h3 Qxf4
40. Rxc1 Qxc1+ 41. Kh2 Qxa3 42. e6 Qe3 43. e7+ Ke8 44. b5 Qe2 45. Kg3 Qxb5 46.
Be4 Qg5+ 47. Kf3 a5 48. h4 Qh5+ 49. Ke3 Kd7 50. Bg6 Qc5+ 51. Ke2 Qc4+ 52. Ke3
Qe6+ 53. Kd2 Qd6+ 54. Ke3 Qe6+ 55. Kd2 Qxg6 56. Ne5+ Kxe7 57. Nxg6+ Kf6 58. Nf4
Kf5 59. Nd5 b5 60. Nc3 b4 61. Na4 Ke4 62. h5 Kd4 63. Nb2 Ke4 64. Ke2 Kf4 65.
Nd3+ Kg4 66. Ke3 Kxh5 67. Kf4 Kg6 68. Nc5 Kf6 69. Kg4 Ke5 70. Kh5 Kd5 71. Na4
Kc6 72. Kxh6 Kb5 73. Nb2 a4 0-1

[Event "Quebec op U2000"]
[Site "Montreal CAN"]
[Date "2016.07.27"]
[Round "6.31"]
[White "Shah, Omar"]
[Black "Zhong, Wenxuan"]
[Result "1-0"]
[WhiteElo "1973"]
[BlackElo "1871"]
[PlyCount "63"]
[EventDate "2016.07.23"]
[EventType "swiss"]
[EventRounds "8"]
[EventCountry "CAN"]

1. e4 c5 2. d4 cxd4 3. Nf3 Nc6 4. Nxd4 g6 5. Nc3 Bg7 6. Nb3 Nf6 7. Be3 O-O 8.
f3 d6 9. Qd2 Be6 10. O-O-O Ne5 11. Kb1 a5 12. Nd4 Bc4 13. Bd3 d5 14. Bh6 Nxd3
15. Bxg7 Nxb2 16. Qh6 Nxd1 17. Rxd1 Qb6+ 18. Kc1 Rfd8 19. Nf5 gxf5 20. exf5 Qc6
21. Qg5 Nh5 22. Bf6+ Kf8 23. Bxe7+ Ke8 24. Re1 Kd7 25. Qxh5 d4 26. Qh4 dxc3 27.
Rd1+ Bd5 28. Qe4 Ke8 29. Qe5 Kd7 30. Bxd8 Rxd8 31. Rxd5+ Kc8 32. Rc5 1-0

[Event "Quebec op U2000"]
[Site "Montreal CAN"]
[Date "2016.07.27"]
[Round "6.32"]
[White "Weston, Paul"]
[Black "Nica, Ion"]
[Result "1-0"]
[WhiteElo "1893"]
[BlackElo "1753"]
[PlyCount "107"]
[EventDate "2016.07.23"]
[EventType "swiss"]
[EventRounds "8"]
[EventCountry "CAN"]

1. e4 c5 2. Nc3 Nc6 3. Nge2 e6 4. g3 d5 5. d3 d4 6. Nb1 e5 7. Bg2 Bg4 8. f3 Bd7
9. a4 Bd6 10. Nd2 Na5 11. b3 Ne7 12. O-O Ng6 13. Nc4 Nxc4 14. bxc4 O-O 15. c3
Qc8 16. cxd4 cxd4 17. Bd2 Bh3 18. Bxh3 Qxh3 19. Qb3 b6 20. Rf2 Kh8 21. g4 Qh4
22. Ng3 Qd8 23. Nf5 Re8 24. g5 Nf4 25. Bxf4 exf4 26. h4 Qd7 27. Qb5 Qc7 28. a5
Bc5 29. Rfa2 Re5 30. Kg2 Rae8 31. axb6 Bxb6 32. Qb2 Rd8 33. Qd2 Rc5 34. Ra6 Kg8
35. Qa2 Qd7 36. Qa4 Qxa4 37. R1xa4 Kf8 38. Kh3 g6 39. Nh6 f5 40. gxf6 Rh5 41.
Ng4 g5 42. e5 Re8 43. R4a5 Bxa5 44. Rxa5 Rxh4+ 45. Kg2 Kf7 46. Rxa7+ Kg6 47. f7
Rb8 48. e6 Rb2+ 49. Nf2 Rb8 50. Re7 h5 51. Re8 Rb2 52. f8=Q Rxf2+ 53. Kxf2 Rh2+
54. Kg1 1-0

[Event "Quebec op U2000"]
[Site "Montreal CAN"]
[Date "2016.07.27"]
[Round "6.33"]
[White "Blanchet, Robert"]
[Black "Mok, Yuen Tak"]
[Result "1-0"]
[WhiteElo "1767"]
[BlackElo "1867"]
[PlyCount "99"]
[EventDate "2016.07.23"]
[EventType "swiss"]
[EventRounds "8"]
[EventCountry "CAN"]

1. e4 c6 2. d4 d5 3. Nd2 dxe4 4. Nxe4 Bf5 5. Ng3 Bg6 6. Nf3 Nd7 7. Bf4 Qb6 8.
Bd3 Qb4+ 9. Bd2 Qxb2 10. Bxg6 hxg6 11. O-O b6 12. Bf4 Ngf6 13. Re1 e6 14. Qd3
Qa3 15. Qc4 Rc8 16. Rab1 Nd5 17. Rb3 Qxa2 18. Bg5 Bd6 19. Ne4 Bb8 20. Qd3 b5
21. c4 bxc4 22. Qxc4 O-O 23. Bd2 N5b6 24. Qd3 Rfd8 25. Nfg5 Nf8 26. Bb4 Rd5 27.
Reb1 Rf5 28. Nf3 Nd5 29. Bxf8 Bxh2+ 30. Kxh2 Rh5+ 31. Kg1 Nf4 32. Qd2 Qxd2 33.
Nexd2 Rxf8 34. g4 Rd5 35. Rb4 Rfd8 36. Nb3 a5 37. Rc4 a4 38. Nc5 Ne2+ 39. Kg2
a3 40. Rc2 Nxd4 41. Nxd4 Rxd4 42. Kg3 Ra8 43. f3 Kf8 44. Ne4 Ra6 45. Ra2 f5 46.
Rb8+ Ke7 47. Rb7+ Ke8 48. Rh2 Rd7 49. Rh8+ Ke7 50. Rxd7+ 1-0

[Event "Quebec op U2000"]
[Site "Montreal CAN"]
[Date "2016.07.27"]
[Round "6.34"]
[White "El-Adraoui, Mourad"]
[Black "Liu, Yu Qing"]
[Result "0-1"]
[WhiteElo "1768"]
[BlackElo "1821"]
[PlyCount "150"]
[EventDate "2016.07.23"]
[EventType "swiss"]
[EventRounds "8"]
[EventCountry "CAN"]

1. d4 d5 2. c4 e6 3. Nc3 c6 4. e3 f5 5. Bd3 Nf6 6. Nge2 Bd6 7. Qc2 O-O 8. cxd5
exd5 9. Bxf5 Bxf5 10. Qxf5 Qe8 11. Qh3 Na6 12. a3 Nc7 13. O-O Ne6 14. g3 Ng5
15. Qg2 Ng4 16. Nf4 Ne6 17. Nxe6 Qxe6 18. Bd2 Rf6 19. h3 Nh6 20. e4 dxe4 21.
Nxe4 Rg6 22. Nxd6 Qxd6 23. Qe4 Qd7 24. Kh2 Re8 25. Qd3 Re5 26. Qc4+ Rd5 27.
Rae1 Nf5 28. Re4 b5 29. Qb3 Nd6 30. Re5 Nc4 31. Rxd5 Qxd5 32. Qc3 Rf6 33. Bf4
g5 34. Be5 Rf3 35. Qe1 Nxb2 36. Qc1 Nd3 37. Qxg5+ Kf7 38. Qg7+ Ke8 39. Qh8+ Rf8
40. Qxh7 Nxf2 41. Qg6+ Kd7 42. Bf6 Ne4 43. Qg7+ Qf7 44. Qg4+ Qe6 45. Qxe6+ Kxe6
46. Re1 Kd5 47. Be5 Rf2+ 48. Kg1 Rf3 49. Kg2 Rf2+ 50. Kg1 Rf3 51. Kg2 Rf2+ 52.
Kh1 Rf3 53. Rg1 Rxa3 54. h4 b4 55. h5 Ra2 56. h6 Nf2+ 57. Kg2 Ng4+ 58. Kf3 Nxh6
59. Rc1 Ra3+ 60. Kf4 Rc3 61. Rh1 b3 62. Rxh6 b2 63. Rd6+ Kc4 64. Rxc6+ Kb5 65.
Rxc3 b1=Q 66. g4 Qf1+ 67. Rf3 Qc1+ 68. Re3 Qf1+ 69. Ke4 Qg2+ 70. Kf4 Qf2+ 71.
Rf3 Qd2+ 72. Kf5 Qe2 73. Rg3 Qc2+ 74. Kf6 Qc6+ 75. Kg7 Qd7+ 0-1

[Event "Quebec op U2000"]
[Site "Montreal CAN"]
[Date "2016.07.27"]
[Round "6.35"]
[White "Jacques, Simon"]
[Black "Villeneuve, Benoit"]
[Result "1-0"]
[WhiteElo "1625"]
[BlackElo "1795"]
[PlyCount "77"]
[EventDate "2016.07.23"]
[EventType "swiss"]
[EventRounds "8"]
[EventCountry "CAN"]

1. e4 c5 2. Nc3 d6 3. f4 Nc6 4. Nf3 Nf6 5. Bc4 e6 6. a3 Be7 7. d3 a6 8. O-O O-O
9. Ba2 Qc7 10. Ne2 b5 11. Ng3 Bb7 12. f5 e5 13. Ng5 h6 14. Nh3 Rad8 15. Nh5 Nb8
16. Nxf6+ Bxf6 17. Qh5 Qe7 18. Nf2 d5 19. exd5 Bxd5 20. Bxd5 Rxd5 21. Ne4 Nd7
22. Rf3 Rd8 23. g4 Nf8 24. g5 hxg5 25. Nxf6+ Qxf6 26. Bxg5 Qc6 27. Bxd8 Rxd8
28. f6 Ng6 29. Raf1 Qd5 30. fxg7 Kxg7 31. Rxf7+ Qxf7 32. Rxf7+ Kxf7 33. Qh7+
Kf6 34. Kf2 Rd6 35. Qc7 Re6 36. Qxc5 Nf4 37. Kf3 Ng6 38. Kg4 Nf4 39. h4 1-0

[Event "Quebec op U2000"]
[Site "Montreal CAN"]
[Date "2016.07.27"]
[Round "6.36"]
[White "Petit, Raymond"]
[Black "Desmarais, Serge"]
[Result "1-0"]
[WhiteElo "1848"]
[BlackElo "1743"]
[PlyCount "129"]
[EventDate "2016.07.23"]
[EventType "swiss"]
[EventRounds "8"]
[EventCountry "CAN"]

1. d4 d5 2. c4 e6 3. cxd5 exd5 4. Nc3 c6 5. Qc2 Bd6 6. Nf3 Ne7 7. Bg5 f6 8. Bh4
Bf5 9. Qd2 Nd7 10. e3 Nf8 11. Bd3 Bxd3 12. Qxd3 Qd7 13. Bg3 Nf5 14. Bxd6 Nxd6
15. O-O g5 16. e4 dxe4 17. Nxe4 Nxe4 18. Qxe4+ Qe6 19. Qc2 O-O-O 20. Rfe1 Qd7
21. d5 Qxd5 22. Rad1 Qa5 23. Rxd8+ Qxd8 24. Rd1 Qe7 25. Nd4 Kb8 26. Qb3 Ka8 27.
Nf5 Qc7 28. Re1 Ng6 29. Qe6 Qd8 30. Qb3 Ne5 31. Rd1 Qc7 32. Qe6 Rf8 33. Qb3 Rd8
34. Rxd8+ Qxd8 35. Ne3 a6 36. Qe6 h5 37. h3 Kb8 38. Nf5 Kc7 39. Ng7 Nd7 40.
Nxh5 Qh8 41. Ng3 Nb6 42. Qe7+ Kb8 43. Qd6+ Ka8 44. Ne4 Nd5 45. Nc5 Qb8 46. Qd7
Qc7 47. Qxc7 Nxc7 48. g3 b6 49. Nd7 Nd5 50. h4 gxh4 51. gxh4 Kb7 52. h5 Ne7 53.
Nxf6 Nf5 54. Kg2 Kc7 55. Kf3 Kd6 56. Kf4 Nh6 57. Ng4 Nf7 58. Kf5 Ke7 59. Kg6
Kf8 60. h6 c5 61. h7 c4 62. Kf6 b5 63. Ne5 Nh8 64. Ng6+ Nxg6 65. Kxg6 1-0

[Event "Quebec op U2000"]
[Site "Montreal CAN"]
[Date "2016.07.27"]
[Round "6.38"]
[White "Joyal, Bruno"]
[Black "O'Neill, Brendon"]
[Result "0-1"]
[WhiteElo "1925"]
[BlackElo "1699"]
[PlyCount "70"]
[EventDate "2016.07.23"]
[EventType "swiss"]
[EventRounds "8"]
[EventCountry "CAN"]

1. e4 c5 2. Nf3 d6 3. d4 cxd4 4. Nxd4 Nf6 5. Nc3 a6 6. Be2 e6 7. O-O Be7 8. Be3
O-O 9. f4 Nbd7 10. h3 Qc7 11. Bd3 b5 12. a3 Bb7 13. g4 d5 14. e5 Ne4 15. Bxe4
dxe4 16. Nce2 Nb6 17. Qe1 Nc4 18. Qg3 Nxe3 19. Qxe3 Bc5 20. c3 Rac8 21. Kh2
Rfd8 22. Qg3 Bb6 23. h4 Qc4 24. h5 Bxd4 25. Nxd4 Rxd4 26. cxd4 Qxd4 27. Rf2 Qa4
28. Qh4 e3 29. Rff1 Qe4 30. Qg3 Rc2+ 31. Kh3 e2 32. Rfe1 Rd2 33. Kh4 Rd3 34.
Qf2 Rf3 35. Qxe2 Qxf4 0-1

[Event "Quebec op U2000"]
[Site "Montreal CAN"]
[Date "2016.07.27"]
[Round "6.39"]
[White "Cisse, Lamine"]
[Black "Moore, Ronald"]
[Result "0-1"]
[WhiteElo "1898"]
[BlackElo "1684"]
[Annotator ",Microsoft"]
[PlyCount "64"]
[EventDate "2016.07.23"]
[EventType "swiss"]
[EventRounds "8"]
[EventCountry "CAN"]

1. e4 c5 2. Nf3 Nc6 3. c3 g6 4. d4 cxd4 5. cxd4 Bg7 6. Bc4 d6 7. O-O e6 8. Nc3
Nge7 9. Bg5 h6 10. Be3 g5 11. Rc1 Ng6 12. a3 g4 13. Ne1 h5 14. f4 a6 15. f5
exf5 16. exf5 Nh4 17. Nd5 Nxf5 18. Nc2 O-O 19. Bf2 h4 20. Qd3 Qg5 21. g3 b5 22.
Ba2 Bb7 23. Bb1 hxg3 24. hxg3 Qh5 25. Nf4 Qh7 26. Ng2 Nce7 27. Nce3 Qh3 28. Rc7
Bf3 29. Re1 d5 30. Qf1 Nxe3 31. Bxe3 Ng6 32. Qf2 Rae8 {etc.} 0-1

[Event "Quebec op U2000"]
[Site "Montreal CAN"]
[Date "2016.07.27"]
[Round "6.40"]
[White "Molloy, Francis"]
[Black "Gilbert, Erick"]
[Result "0-1"]
[WhiteElo "1527"]
[BlackElo "1803"]
[PlyCount "148"]
[EventDate "2016.07.23"]
[EventType "swiss"]
[EventRounds "8"]
[EventCountry "CAN"]

1. Nf3 Nf6 2. d4 e6 3. c4 d5 4. e3 Bb4+ 5. Nbd2 O-O 6. a3 Bd6 7. Bd3 Nc6 8. b4
dxc4 9. Nxc4 Be7 10. O-O b6 11. Qc2 Bb7 12. Bb2 h6 13. Rac1 Rc8 14. Ncd2 Nb8
15. e4 a6 16. Rfe1 Nh5 17. g3 Nd7 18. e5 c5 19. dxc5 bxc5 20. Qd1 cxb4 21. Rxc8
Qxc8 22. axb4 Bxb4 23. Be4 Nc5 24. Bxb7 Qxb7 25. Qe2 Bxd2 26. Nxd2 Qxb2 27. Qe3
Nd7 28. g4 Qxe5 29. Qxe5 Nxe5 30. Rxe5 Nf6 31. Ra5 Rd8 32. Nb3 Rd3 33. Nc5 Rd5
34. h3 Ne4 35. Nb3 Rd3 36. Na1 Rd6 37. Kg2 Rb6 38. Kf3 Nd6 39. Rc5 Nb7 40. Rc8+
Kh7 41. h4 a5 42. h5 Rb2 43. Nc2 Rb3+ 44. Ke2 a4 45. Rc4 a3 46. Rb4 Rb2 47.
Rxb2 axb2 48. Na3 Nd6 49. Kd3 g6 50. hxg6+ Kxg6 51. Kc2 Ne4 52. f3 Ng5 53. f4
Nh3 54. f5+ exf5 55. gxf5+ Kxf5 56. Kxb2 Kf4 57. Kc2 Kg3 58. Nc4 f5 59. Ne3 f4
60. Nf5+ Kg2 61. Nxh6 f3 62. Ng4 Kg3 63. Ne3 Kf4 64. Kd2 Kg3 65. Nf1+ Kg2 66.
Ne3+ Kg1 67. Ng4 Ng5 68. Ke3 Kg2 69. Nf2 Ne6 70. Nd1 Nc5 71. Nf2 Na4 72. Ne4
Nc3 73. Nd2 f2 74. Kd3 Nb1 0-1

[Event "Quebec op U2000"]
[Site "Montreal CAN"]
[Date "2016.07.27"]
[Round "6.41"]
[White "Levasseur, Sylvain"]
[Black "Armstrong, Robert J"]
[Result "1/2-1/2"]
[WhiteElo "1629"]
[BlackElo "1735"]
[PlyCount "57"]
[EventDate "2016.07.23"]
[EventType "swiss"]
[EventRounds "8"]
[EventCountry "CAN"]

1. e4 g6 2. Nf3 Bg7 3. d3 d6 4. g3 Nf6 5. Bg2 O-O 6. O-O Nc6 7. c3 e5 8. Nbd2
Nh5 9. Nh4 Be6 10. Bf3 Nf6 11. Bg2 Qd7 12. Nhf3 Bh3 13. Nc4 a6 14. Ne3 Bxg2 15.
Kxg2 d5 16. Qc2 Rad8 17. Rd1 h6 18. Ne1 dxe4 19. dxe4 Qe6 20. Rxd8 Rxd8 21. f3
Nh7 22. Qb3 Qc8 23. Nd5 g5 24. g4 Nf8 25. Qc4 Ng6 26. Be3 Nge7 27. Rd1 Nxd5 28.
Rxd5 Ne7 29. Rxd8+ 1/2-1/2

[Event "Quebec op U2000"]
[Site "Montreal CAN"]
[Date "2016.07.27"]
[Round "6.42"]
[White "Deschamps, Richard"]
[Black "Parenteau, Francois"]
[Result "1-0"]
[WhiteElo "1905"]
[BlackElo "1696"]
[PlyCount "35"]
[EventDate "2016.07.23"]
[EventType "swiss"]
[EventRounds "8"]
[EventCountry "CAN"]

1. d4 Nf6 2. c4 e6 3. Nf3 c5 4. Nc3 cxd4 5. Nxd4 Bb4 6. g3 O-O 7. Bg2 d5 8. Bg5
Qa5 9. Bxf6 Bxc3+ 10. bxc3 Qxc3+ 11. Kf1 gxf6 12. Rc1 Qa3 13. cxd5 Qxa2 14. e3
Nd7 15. dxe6 fxe6 16. Nxe6 Qxe6 17. Bd5 Ne5 18. Rxc8 1-0

[Event "Quebec op U2000"]
[Site "Montreal CAN"]
[Date "2016.07.27"]
[Round "6.43"]
[White "Chevalier, Francois"]
[Black "Kay, Sang Kil"]
[Result "1-0"]
[WhiteElo "1779"]
[BlackElo "1574"]
[PlyCount "71"]
[EventDate "2016.07.23"]
[EventType "swiss"]
[EventRounds "8"]
[EventCountry "CAN"]

1. d4 c6 2. Nf3 d6 3. e4 Bg4 4. Be2 Nd7 5. O-O Ngf6 6. Nbd2 Qc7 7. Re1 Bxf3 8.
Bxf3 e5 9. c3 Be7 10. a4 a5 11. Nf1 h6 12. Ng3 g6 13. Be3 Qb6 14. dxe5 Qxb2 15.
exf6 Nxf6 16. Bd4 c5 17. Bxf6 Bxf6 18. Qxd6 Qxc3 19. e5 Be7 20. Qc7 Kf8 21.
Red1 Re8 22. Bxb7 Kg7 23. Ne4 Bd8 24. Qxd8 Qxe5 25. Qxa5 Re7 26. Bd5 c4 27. Qc3
f5 28. Qxe5+ Rxe5 29. Nc3 Kf6 30. Re1 Rh7 31. f4 Ree7 32. Rxe7 Rxe7 33. Kf2 g5
34. g3 Rc7 35. a5 Ke7 36. a6 1-0

[Event "Quebec op U2000"]
[Site "Montreal CAN"]
[Date "2016.07.27"]
[Round "6.44"]
[White "Kozlov, Guennadi"]
[Black "Sharpe, Michael"]
[Result "1-0"]
[WhiteElo "1747"]
[BlackElo "1617"]
[PlyCount "45"]
[EventDate "2016.07.23"]
[EventType "swiss"]
[EventRounds "8"]
[EventCountry "CAN"]

1. e4 c5 2. c3 d5 3. exd5 Qxd5 4. d4 g6 5. dxc5 Qxc5 6. Be3 Qa5 7. Na3 a6 8.
Nc4 Qc7 9. Nb6 Nd7 10. Nxa8 Qc6 11. Qf3 Qxf3 12. Nxf3 e6 13. Nb6 Nxb6 14. Bxb6
Be7 15. Bc4 Nf6 16. O-O O-O 17. a4 Nd7 18. Bd4 Bc5 19. Bxc5 Nxc5 20. Rfd1 Ne4
21. Ne5 Nf6 22. Rd4 Kg7 23. Rad1 1-0

[Event "Quebec op U2000"]
[Site "Montreal CAN"]
[Date "2016.07.27"]
[Round "6.45"]
[White "Gauthier, Luc"]
[Black "Dubreuil, Raymond"]
[Result "1-0"]
[WhiteElo "1775"]
[BlackElo "1637"]
[PlyCount "77"]
[EventDate "2016.07.23"]
[EventType "swiss"]
[EventRounds "8"]
[EventCountry "CAN"]

1. e4 c5 2. Nc3 Nc6 3. f4 d6 4. Nf3 a6 5. g3 Bg4 6. h3 Bxf3 7. Qxf3 Nd4 8. Qd1
g6 9. d3 Bg7 10. Bg2 e6 11. Ne2 Ne7 12. c3 Ndc6 13. Be3 O-O 14. Qd2 Qc7 15. O-O
b6 16. f5 exf5 17. Bh6 Rac8 18. Bxg7 Kxg7 19. exf5 f6 20. Nf4 Nd8 21. fxg6 hxg6
22. Rae1 Qd7 23. h4 Rf7 24. Bh3 f5 25. Nxg6 Nxg6 26. h5 Ne5 27. Qg5+ Kf8 28.
Bxf5 Rxf5 29. Rxf5+ Ndf7 30. Ref1 Rc7 31. h6 Qe6 32. Qd8+ Qe8 33. Qxc7 Kg8 34.
d4 Nd7 35. Rxf7 Qe3+ 36. Kg2 Qe4+ 37. Kh2 Qe2+ 38. R7f2 Qh5+ 39. Kg1 1-0

[Event "Quebec op U2000"]
[Site "Montreal CAN"]
[Date "2016.07.27"]
[Round "6.46"]
[White "Martel, Paul"]
[Black "Mathews, Theo"]
[Result "1-0"]
[WhiteElo "1714"]
[BlackElo "1588"]
[Annotator ",Microsoft"]
[PlyCount "72"]
[EventDate "2016.07.23"]
[EventType "swiss"]
[EventRounds "8"]
[EventCountry "CAN"]

1. b4 e5 2. Bb2 d6 3. e3 Nf6 4. Nf3 Bg4 5. Be2 Be7 6. c4 O-O 7. O-O Nc6 8. a3
e4 9. Nd4 Bxe2 10. Qxe2 Ne5 11. f3 c5 12. Nf5 exf3 13. Nxe7+ Qxe7 14. gxf3 Qe6
15. d3 Rfe8 16. Nd2 Nc6 17. Ne4 Nxe4 18. fxe4 cxb4 19. axb4 Nxb4 20. Rf2 g6 21.
Rf6 Qe7 22. Raf1 Rf8 23. R1f3 Nc6 24. R3f4 a5 25. Qf1 Qd7 26. Rh4 Ne5 27. Qf4
h5 28. Qg5 a4 29. Ba3 Ra5 30. Qg3 Ra6 31. h3 Kg7 32. Rxd6 Rxd6 33. Qxe5+ f6 34.
Qxd6 Qxd6 35. Bxd6 Rd8 36. Bc5 a3 {etc.} 1-0

[Event "Quebec op U2000"]
[Site "Montreal CAN"]
[Date "2016.07.28"]
[Round "7.1"]
[White "Morin, Louis"]
[Black "Ivakhin, Mikhail"]
[Result "0-1"]
[WhiteElo "1907"]
[BlackElo "1853"]
[PlyCount "82"]
[EventDate "2016.07.23"]
[EventType "swiss"]
[EventRounds "8"]
[EventCountry "CAN"]

1. e4 e6 2. d4 d5 3. exd5 Qxd5 4. Nf3 Nf6 5. Bd3 Be7 6. O-O O-O 7. Nc3 Qd8 8.
Bf4 a6 9. a3 b6 10. Qe2 Bb7 11. Rad1 Bd6 12. Bxd6 cxd6 13. Ne4 Nxe4 14. Bxe4
Bxe4 15. Qxe4 Ra7 16. c4 Rc7 17. Rc1 Nd7 18. Rc3 Nf6 19. Qh4 d5 20. Rfc1 dxc4
21. Rxc4 Rxc4 22. Rxc4 Qd5 23. Rc2 Qb3 24. Ne1 h6 25. Qg3 Qa4 26. Qc3 Rd8 27.
Nf3 Qb5 28. h3 Qf5 29. Qc7 Rf8 30. Ne1 Nd5 31. Qe5 Qg6 32. Kh2 Rd8 33. f4 Re8
34. g3 a5 35. Re2 Qb1 36. Qe4 Qxe4 37. Rxe4 Rc8 38. Re2 Rc4 39. Nc2 f5 40. Rd2
Kf7 41. Kg2 Rxc2 0-1

[Event "Quebec op U2000"]
[Site "Montreal CAN"]
[Date "2016.07.28"]
[Round "7.2"]
[White "Brassard, Sylvain"]
[Black "Messier, David"]
[Result "1/2-1/2"]
[WhiteElo "1842"]
[BlackElo "1719"]
[PlyCount "75"]
[EventDate "2016.07.23"]
[EventType "swiss"]
[EventRounds "8"]
[EventCountry "CAN"]

1. d4 Nf6 2. e3 d5 3. f4 e6 4. Nf3 Bd6 5. Bd3 O-O 6. O-O Nbd7 7. b3 b6 8. Ne5
c5 9. Ba3 Ne4 10. Bxe4 dxe4 11. Nxd7 Qxd7 12. dxc5 bxc5 13. c4 Rd8 14. Nc3 a6
15. Nxe4 Bb7 16. Qc2 Qc6 17. Ng5 h6 18. Nf3 Rd7 19. Rad1 Rad8 20. Bb2 Bxf4 21.
exf4 Qe4 22. Qxe4 Bxe4 23. Rxd7 Rxd7 24. Ba3 a5 25. Bxc5 a4 26. Be3 axb3 27.
axb3 Rd3 28. Kf2 Rxb3 29. Nd2 Rb2 30. Rc1 Kf8 31. c5 Ke8 32. Kg3 Bc6 33. Rb1
Rc2 34. Kf2 Kd7 35. g3 Be4 36. Ke2 Rxd2+ 37. Kxd2 Bxb1 38. Kc3 1/2-1/2